LEADER 01010nam a2200253 u 4500 001 000000089651 003 CaOOAMICUS 005 20070226124635.0 008 051124s1956 gw u000 u ger u 035 $a11070405 040 $aPUL(R)$bita 100 1 $aUtz, Arthur Fridolin,$cO.P.,$d1908-2001.$0(OLS)http://pul/name/13966 245 10$aFormen und Grenzen des Subsidiaritätsprinzips /$cArthur Fridolin Utz. 260 $aHeidelberg :$bF.H. Kerle,$c1956. 300 $a128 p. ;$c24 cm 490 1 $aSammlung Politeia ;$v9 500 $aContiene indici. 504 $aBibliografia in nota. 830 0$aSammlung Politeia ;$v9.$0(OLS)http://pul/title/58694 850 $aPUL 852 $aPUL$W1$xDP1 Fondo Pastorale$y55$mP13 B 92$j113297$nBK-PRI$b $qFondi$B113297$CPULBib$Z2$F113297 $H $81 941 1 $a1 996 $6245$aFormen und Grenzen des Subsidiaritätsprinzips$9(OLS)http://pul/title/115757 996 $6260$aHeidelberg :$bF.H. Kerle$9(OLS)http://pul/publisher/52346 LEADER 01328nam a2200301 a 4500 001 000000137701 003 CaOOAMICUS 005 20140312105405.0 008 140312s2009 it u000 u ita r 020 $a978-88-7263-347-2 040 $aPUL$bita 082 04$a305.3 100 1 $aGaleotti, Giulia.$0(OLS)http://pul/name/88808 245 10$aGender - genere :$bchi vuole negare la differenza maschio-femmina?: L'alleanza tra femminismo e Chiesa cattolica /$cGiulia Galeotti. 260 $aRoma :$bVivere In$g2009 300 $a101 p. ;$c18 cm. 490 1 $aChiavi ;$v04 504 $aBibliografia: p. 101. 650 4$aSessualità$xAspetti morali e religiosi.$0(OLS)http://pul/subject/40277 830 0$aChiavi ;$v04.$0(OLS)http://pul/title/145354 850 $aPUL 852 $aPUL$W1$xSL Diritto e Scienze Sociali 3$y79$m305. 3 GALGI 1$j158731$qDDC 21$q $B158257$CPULBib$Z2$F158257 $H123630 $81 941 1 $a9 996 $6020$a978-88-7263-347-2$9(OLS)http://pul/number/154770 996 $6082$a305.3$9(OLS)http://pul/classification/2609 996 $6245$aGender - genere :$bchi vuole negare la differenza maschio-femmina?: L'alleanza tra femminismo e Chiesa cattolica$9(OLS)http://pul/title/174360 996 $6260$aRoma :$bVivere In$9(OLS)http://pul/publisher/51484